| 000 | 01107nam a2200277 4500 | ||
|---|---|---|---|
| 005 | 20240530110408.0 | ||
| 008 | 150209s2008 ua ckd f b 000 0 ara d | ||
| 017 |
_a13372/2008 _bمصر . دار الكتب المصرية |
||
| 020 | _a9771805657 | ||
| 040 | _aEG-CaGPL | ||
| 041 | 0 | _aara | |
| 082 | 0 | 4 |
_221 _a366.1 _bق/و م |
| 100 | 0 | _aوائل ابراهيم الدسوقى | |
| 245 | 1 | 2 |
_aالماسونية والماسون فى مص : _b1798 -1964 / _cتاليف وائل ابراهيم الدسوقى |
| 260 |
_aالقاهرة : _bمطبعة دار الكتب والوثائق القومية بالقاهرة ، _c2008 |
||
| 300 |
_a351 ص ؛ _c24 سم |
||
| 490 | 0 |
_aمصر النهضة _v73 |
|
| 504 | _aببليوجرافية : ص 331 - 349 | ||
| 650 | 0 | 4 | _aالماسونية |
| 650 | 0 | 4 | _aالجمعيات السرية |
| 650 | 0 | 4 |
_aالماسونية _zمصر |
| 650 | 0 | 4 |
_aالماسونية _xالاحوال السياسية _zمصر |
| 650 | 0 | 4 |
_aالماسونية _xالاحوال الاجتماعية _zمصر |
| 942 |
_2ddc _cBK |
||
| 999 |
_c60406 _d60406 |
||